000 00692cam a22002651 4500
001 sa 64000286
003 DLC
005 20260227111955.0
008 841103s1962 ii a b 000 0 eng
010 _asa 64000286
025 _aPL480: I-E-2059
035 _a(OCoLC)11343755
040 _aDLC
_cCSluSP
_dDLC
042 _apremarc
050 0 0 _aHJ4761
_b.I55
110 2 _aIndian Investment Centre.
245 0 0 _aTaxation.
260 _aNew Delhi,
_c1962.
300 _avii, 182 p.
_btables.
_c22 cm.
500 _aCover title.
504 _aBibliography: p. 175.
650 0 _aIncome tax
_zIndia.
650 0 _aUndistributed profits tax
_zIndia.
740 0 _aInvesting in India.
999 _c56134
_d56134